LEADER 01137nam a2200265 4500 001 000000331650 003 CaOOAMICUS 005 20181214134139.0 008 181211s2011 it 000 u ita r 020 $a978-88-308-1185-0 040 $aSeMil$bita 100 1 $aDotolo, Carmelo,$d<1959- >.$0(OLS)http://semarc/name/2617 245 10$aCristianesimo e interculturalità :$bdialogo, ospitalità, ethos /$cCarmelo Dotolo. 264 1$aAssisi :$bCittadella,$c2011. 300 $a170 p. ;$c21 cm 490 1 $aTeologia/Saggi 650 4$aInterculturalità.$0(OLS)http://semarc/subject/9003 650 4$aCristianesimo e cultura.$0(OLS)http://semarc/subject/6562 830 0$aTeologia/Saggi.$0(OLS)http://semarc/title/8743 850 $aSeMil 852 $aSeMil$W1$xVenegono$y1$m2D VII 46$j210764$B223723$CSeMilBibl$Z2$F223723 $81 996 $6020$a978-88-308-1185-0$9(OLS)http://semarc/number/285871 996 $6245$aCristianesimo e interculturalità :$bdialogo, ospitalità, ethos$9(OLS)http://semarc/title/420370 996 $6264$aAssisi :$bCittadella$9(OLS)http://semarc/publisher/29661 LEADER 01230nam a2200289 i 4500 001 000000114659 003 CaOOAMICUS 005 20220915121917.0 008 031110s1994 it u000 u ita u 013 $a87346 020 $a88-01-10397-2 040 $aSeMil$bita 100 1 $aCaimi, Luciano,$d<1947- >.$0(OLS)http://semarc/name/5077 245 10$a2: Consacrazione secolare /$cL. Caimi ... [et al.]. 264 1$aLeumann :$bElledici,$c1994. 300 $a255 p. ;$c21 cm 490 0 $aSussidi per la vita consacrata 700 1 $aConferenza episcopale italiana : Commissione mista vescovi-religiosi.$0(OLS)http://semarc/name/5078 773 0 $tVita consacrata.$dLeumann (Torino) : Elle Di Ci, [199-]$kSussidi per la vita consacrata$g2$w()10434 830 0$aSussidi per la vita consacrata.$0(OLS)http://semarc/title/35816 850 $aSeMil 852 $aSeMil$W1$xVenegono$y1$m3G III 388$j70211$B70211$CSeMilBibl$Z2$F221481 $81 961 $aRecupero: Seminario di Seveso 996 $6020$a88-01-10397-2$9(OLS)http://semarc/number/98066 996 $6245$a2: Consacrazione secolare$9(OLS)http://semarc/title/167661 996 $6264$aLeumann :$bElledici$9(OLS)http://semarc/publisher/34459